Składniki komórki - Statystyki

Ogólne statystyki
  • Ten quiz został rozwiązany 209 razy
  • Średni wynik to 4 z 14
Statystyki odpowiedzi
Hint Odpowiedź % Poprawnych
1. jądro komórkowe
82%
2. błona komórkowa
61%
10. cytozol
53%
4. rybosomy
47%
11. aparat Golgiego
44%
5. mitochondria
42%
3. ściana komórkowa
38%
9. wakuola
27%
14. lizosomy
22%
13. peroksysomy
7%
6. plastydy
6%
8. RER
5%
7. SER
4%
12. centriole
1%
Nie znaleziono quizów pasujących do podanych kryteriów
Rozkład punktacji
Procent ludzi z każdym wynikiem
Percentyl według liczby udzielonych odpowiedzi
Twoja historia wyników
Nie rozwiązałeś tego quizu